000 00783nam a2200193 i 4500
001 190689
003 ES-MaACL
005 20250910063133.0
008 220510s2018 sp a 000 0 spa d
100 1 _aAlonso Yáñez, Julio,
_d1963-
_9174427
245 1 3 _aArte integrativo y experimental :
_bescultura, collage y microinstalación : [exposición] del 15 de noviembre al 30 de diciembre de 2018 /
_cJulio Alonso Yáñez.
260 _aMadrid :
_bAppa Art Gallery,
_c[2018]
300 _a28 p. :
_bprincipalmente il. col. ;
_c21 x 21 cm +
_e1 tarjeta (21 x 15 cm)
600 1 4 _aAlonso Yáñez, Julio,
_d1963-
_vExposiciones
_9174428
655 7 _2tgfbne
_9193628
_aCatálogos de exposiciones
852 4 _aES-MaACL
_j2343-F-7
942 _2udc
999 _c190689
_d190689